| 000 | 00767nam a22002057a 4500 | ||
|---|---|---|---|
| 003 | OSt | ||
| 005 | 20130603114056.0 | ||
| 008 | 130603s2007 sp ||||| |||| 00| 0 cat d | ||
| 020 | _a9788439379461 | ||
| 040 | _cCDMR | ||
| 111 | 2 |
_93630 _aJornades d'Història de la Premsa _cBarcelona _d2007 _n2es |
|
| 245 |
_aPoder polític i resistència periodística _b: actes de les segones Jornades d'Història de la Premsa |
||
| 260 |
_aBarcelona _bGeneralitat de Catalunya. Departament de Presidència _c2007 |
||
| 490 | 0 |
_aLexikon. Papers _v4 |
|
| 650 | 0 | 4 |
_93470 _aPremsa i política _xHistòria _vCongressos |
| 650 | 0 | 4 |
_91524 _aPremsa _xHistòria _zCatalunya |
| 700 | 1 |
_913 _aFigueres i Artigues, Josep Maria _eed. |
|
| 710 | 1 |
_91064 _aCatalunya _b -- Generalitat |
|
| 942 |
_2udc _cMON |
||
| 999 |
_c6384 _d6384 |
||